<?xml version="1.0" encoding="UTF-8"?>
<record
    xmlns:xsi="http://www.w3.org/2001/XMLSchema-instance"
    xsi:schemaLocation="http://www.loc.gov/MARC21/slim http://www.loc.gov/standards/marcxml/schema/MARC21slim.xsd"
    xmlns="http://www.loc.gov/MARC21/slim">

  <leader>01408namaa2200205 aa4500</leader>
  <controlfield tag="008">221014s2022    ag ||||gr|||| 000 f spa d</controlfield>
  <datafield tag="020" ind1=" " ind2=" ">
    <subfield code="a">9789877252460</subfield>
  </datafield>
  <datafield tag="041" ind1=" " ind2=" ">
    <subfield code="a">spa</subfield>
  </datafield>
  <datafield tag="092" ind1=" " ind2=" ">
    <subfield code="c">808</subfield>
    <subfield code="l">30</subfield>
    <subfield code="s">GRE</subfield>
  </datafield>
  <datafield tag="100" ind1="1" ind2=" ">
    <subfield code="a">Green, John</subfield>
    <subfield code="9">4179</subfield>
  </datafield>
  <datafield tag="245" ind1=" " ind2=" ">
    <subfield code="a">Bajo la misma estrella /</subfield>
    <subfield code="c">John Green</subfield>
  </datafield>
  <datafield tag="250" ind1=" " ind2=" ">
    <subfield code="a">5a ed. </subfield>
  </datafield>
  <datafield tag="260" ind1=" " ind2=" ">
    <subfield code="a">Buenos Aires:</subfield>
    <subfield code="b">debolsillo;</subfield>
    <subfield code="c">2022.</subfield>
  </datafield>
  <datafield tag="300" ind1=" " ind2=" ">
    <subfield code="a">304 p.</subfield>
    <subfield code="b">19x13cm</subfield>
  </datafield>
  <datafield tag="500" ind1=" " ind2=" ">
    <subfield code="a">Green, J. (2022). Bajo la misma estrella. (5a ed.). Buenos Aires : debolsillo.</subfield>
  </datafield>
  <datafield tag="505" ind1=" " ind2=" ">
    <subfield code="a">Amar a alguien y saberse vivo puede ser la m&#xE1;s exquisita, inesperada y tr&#xE1;gica aventura.
A Hazel y a Gus les gustar&#xED;a tener vidas comunes. Algunos dir&#xE1;n que no han nacido con estrella, que su mundo es injusto. Hazel y Gus son solo adolescentes, pero si algo les ha ense&#xF1;ado el c&#xE1;ncer que ambos padecen es que no hay tiempo para lamentarse, porque, nos guste o no, solo existe el hoy y el ahora. Y por ello, con la intenci&#xF3;n de hacer realidad el mayor deseo de Hazel -conocer a su escritor favorito-, cruzaran juntos el Atl&#xE1;ntico para vivir una aventura contrarreloj, tan cat&#xE1;rtica como desgarradora. Destino: Amsterdam, el lugar donde reside el enigm&#xE1;tico y malhumorado escritor, la &#xFA;nica persona que tal vez pueda ayudarlos a ordenar las piezas del enorme rompecabezas del que forman parte...</subfield>
  </datafield>
  <datafield tag="590" ind1=" " ind2=" ">
    <subfield code="a">Donaci&#xF3;n Mu&#xF1;oz Noelia, octubre 2022.</subfield>
  </datafield>
  <datafield tag="655" ind1=" " ind2=" ">
    <subfield code="a">Literatura</subfield>
    <subfield code="9">2917</subfield>
  </datafield>
  <datafield tag="942" ind1=" " ind2=" ">
    <subfield code="2">ddc</subfield>
    <subfield code="c">LIT</subfield>
  </datafield>
  <datafield tag="999" ind1=" " ind2=" ">
    <subfield code="c">3145</subfield>
    <subfield code="d">3145</subfield>
  </datafield>
  <datafield tag="952" ind1=" " ind2=" ">
    <subfield code="0">0</subfield>
    <subfield code="1">0</subfield>
    <subfield code="2">ddc</subfield>
    <subfield code="4">0</subfield>
    <subfield code="7">0</subfield>
    <subfield code="a">BFM</subfield>
    <subfield code="b">BFM</subfield>
    <subfield code="c">CR</subfield>
    <subfield code="d">2022-10-14</subfield>
    <subfield code="e">Donaci&#xF3;n de Mu&#xF1;oz Noelia, octubre 2022</subfield>
    <subfield code="l">0</subfield>
    <subfield code="o">808 30 GRE</subfield>
    <subfield code="p">4801</subfield>
    <subfield code="r">2022-10-14</subfield>
    <subfield code="t">Ej.1</subfield>
    <subfield code="w">2022-10-14</subfield>
    <subfield code="y">LIT</subfield>
    <subfield code="z">Donaci&#xF3;n de Noelia Mu&#xF1;oz,octubre 2022.</subfield>
    <subfield code="f"></subfield>
  </datafield>
  <datafield tag="952" ind1=" " ind2=" ">
    <subfield code="0">0</subfield>
    <subfield code="1">0</subfield>
    <subfield code="2">ddc</subfield>
    <subfield code="4">0</subfield>
    <subfield code="7">0</subfield>
    <subfield code="a">BFM</subfield>
    <subfield code="b">BFM</subfield>
    <subfield code="c">CR</subfield>
    <subfield code="d">2025-07-24</subfield>
    <subfield code="e">Donaci&#xF3;n Navarro, Adriana. Julio 2025</subfield>
    <subfield code="l">0</subfield>
    <subfield code="o">808 30 GRE</subfield>
    <subfield code="p">5052</subfield>
    <subfield code="r">2025-07-24</subfield>
    <subfield code="t">Ej. 2</subfield>
    <subfield code="w">2025-07-24</subfield>
    <subfield code="y">LIT</subfield>
    <subfield code="z">Donaci&#xF3;n Navarro, Adriana. Julio 2025. Sede Tordos.</subfield>
    <subfield code="f"></subfield>
  </datafield>
</record>
